Formatívne a pastorálne inštancie kňaza v živote a diele svätého Ambróza 2. časť

Bibliographic Details
Main Author: Coppa, Giovanni, 1925-2016 (Author)
Other Authors: Červený, Marián, 1955- (Translator)
Format: Article
Language:Slovak
ISSN:0139-861X
Subjects:

MARC

LEADER 00000nab a2200000 a 4500
001 vtls000551561
003 SK-MaSNL
005 20260304020922.0
008 140328c1995 xo 0 slo
015 |a SNBRB19rr/mm-uuuuu 
035 |a CL0551699 
040 |a SNKBUCL  |b slo  |c SNKBUCL  |e AACR2 
041 0 |a slo 
044 |a xo  |c SK 
080 |a 235.3  |2 1981 
080 |a 929 Ambróz, svätý  |2 1981 
100 1 |a Coppa, Giovanni,  |d 1925-2016  |4 aut  |9 571156 
245 1 0 |a Formatívne a pastorálne inštancie kňaza v živote a diele svätého Ambróza  |b 2. časť  |c Giovanni Coppa ; Prekl. Marián Červený 
600 1 7 |a Ambróz,  |c svätý,  |d 339-397  |2 snkbucl  |9 157790 
655 7 |a články z novín a časopisov  |2 snkbucl  |9 267496 
700 1 |a Červený, Marián,  |d 1955-  |4 trl  |9 251800 
773 0 |t Duchovný pastier  |g Roč. 76, č. 5 (1995), s. 211-216  |x 0139-861X 
850 |a Slovenská národná knižnica v Martine  |a MTA001 
852 |a SNK  |b KIS3GCP 
958 |a RK 
992 |a RBX 
999 |c 2602168  |d 2604098